Normal view
MARC view
- الأدب العربي - الشعر العربي - القرن العشرون - سوريا - تاريخ ونقد
Entry Topical Term
001 - CONTROL NUMBER
- control field: 52508
003 - CONTROL NUMBER IDENTIFIER
- control field: JO-AjAnu
005 - DATE AND TIME OF LATEST TRANSACTION
- control field: 20230606082630.0
008 - FIXED-LENGTH DATA ELEMENTS
- fixed length control field: 230606|| aca||aabn | a|a d
040 ## - CATALOGING SOURCE
- Original cataloging agency: JO-AjAnu
- Transcribing agency: JO-AjAnu
150 ## - HEADING--TOPICAL TERM
- Topical term or geographic name entry element: الأدب العربي - الشعر العربي - القرن العشرون - سوريا - تاريخ ونقد
670 ## - SOURCE DATA FOUND
- Source citation: Work cat.: (JO-AjAnu)26832: مرزاق، عبد القادر محمد, author 52507, مشروع أدونيس الفكري والإبداعي: رؤية معرفية